Zabezpečenie ochrany ovzdušia v nových investičných celkoch Zborník

Bibliographic Details
Format: Book
Language:Slovak
PhysicalDescription:180 s. Tb. Sch. 20 cm
Published: Banská Bystrica Dom techniky ČSVTS 1986
Edition:1. vyd.

MARC

LEADER 00000nam a2200000 a 4500
001 vtls001083880
003 SK-MaSNL
005 20260224232811.0
008 250414s1986 xo 0 slo
015 |a SNBA1987/04 
035 |a SNK000026718 
040 |a SNK  |b slo  |c SNK  |e AACR2 
041 0 |a slo 
044 |a xo  |c SK 
080 |a 628.51(082)  |2 1981 
080 |a 504.3.054(082)  |2 1981 
245 0 0 |a Zabezpečenie ochrany ovzdušia v nových investičných celkoch  |b Zborník 
250 |a 1. vyd. 
260 |a Banská Bystrica  |b Dom techniky ČSVTS  |c 1986  |e Banská Bystrica  |f Dom techniky ČSVTS 
300 |a 180 s.  |b Tb. Sch.  |c 20 cm 
366 |e 100 výtl. 
500 |a Lit. 44. Čl. aj češ. Publ. je predajná len soc. organ. Rozmn. 44 zázn. v slov., češ., nem. a angl. 
852 |a Slovenská národná knižnica 
954 |a ovzdušie  |a priemysel 
958 |a OND 
958 |a NB 
958 |a CZ 
958 |a RM 
999 |c 1216021  |d 1217951 
952 |a SNK  |b SNK  |y PREZ  |7 0  |p 17A0473925  |o snkSC 67847  |i snkKSP 533/87  |0 0  |1 0  |4 0  |d 2005-06-24  |l 0  |r 2025-07-10 00:00:00  |w 2026-02-24